000 00625nam a22002177a 4500
003 OSt
005 20240709104855.0
008 240709b |||||||| |||| 00| 0 eng d
020 _a0130116157
040 _cMUST
082 _a338.5 JAM 2000
100 _aJames, Elijah M.
_918518
245 _aMicroeconomics :
_ba problem-solving approach /
_cElijah M. James
250 _a5th.ed.
260 _aOntario
_bPrentice Hall
_c2000
300 _axxv, 663p.:
_bcol.ill.;
_c30 cm.
504 _aIncludes bibliographical references and index
650 _aEconomics
_9975
650 _aMicroeconomics
_94398
942 _2ddc
_cO_SHELF
999 _c9098
_d9098